|
|
|
|
| LEADER |
00000nam a22000005a 4500 |
| 001 |
vtls010466426 |
| 003 |
SK-MaSNL |
| 005 |
20260301214350.0 |
| 008 |
240318s2011 xo e 000 0 slo |
| 015 |
|
|
|a SNBA2013
|
| 020 |
|
|
|q (brož.)
|
| 035 |
|
|
|a 3EFD06C4-C6EF-4552-BFF1-4A8B244C2B3A
|
| 035 |
|
|
|a urn:nbn:sk:snk-amkbk3
|
| 035 |
|
|
|a urn:nbn:sk:snk-am008iyr
|
| 040 |
|
|
|a SNK
|b slo
|c SNK
|e AACR2
|
| 041 |
0 |
|
|a slo
|
| 044 |
|
|
|a xo
|c SK
|
| 072 |
|
7 |
|a 27
|x Kresťanstvo. Kresťanská cirkev všeobecne. Ekleziológia
|2 konspekt
|
| 080 |
|
|
|a (0.036.6)
|2 2001
|
| 080 |
|
|
|a 272-726.3
|2 2001
|
| 080 |
|
|
|a 27-4
|2 2001
|
| 080 |
|
|
|a 27-584
|2 2001
|
| 080 |
|
|
|a (0:82-94)
|2 2001
|
| 100 |
1 |
|
|a Kaňa, Michal,
|d 1953-
|4 aut
|9 234559
|
| 245 |
1 |
0 |
|a Skutočný príbeh
|b odchod mladíkov zo Selenče na štúdiá do Ríma : (separát)
|c Michal Kaňa
|
| 250 |
|
|
|a [1. vyd.]
|
| 260 |
|
|
|a Bratislava
|b [s. n.]
|c 2011
|
| 300 |
|
|
|a S. 125-136
|c 21 cm
|
| 500 |
|
|
|a Názov z obalu
|
| 500 |
|
|
|a Sep. odt. z: BZOVÍK jubilejník k 75. narodeninám veľkodušného človeka Jána Hnilicu, člena Slovenského ústavu prichystal Jozef M. Rydlo
|
| 600 |
1 |
7 |
|a Kaňa, Michal,
|d 1953-
|2 SNKMA
|9 234559
|
| 650 |
0 |
7 |
|a katolícki kňazi
|2 SNKPH
|9 1290
|
| 650 |
0 |
7 |
|a kresťanský život
|2 SNKPH
|9 1808
|
| 650 |
0 |
7 |
|a duchovný život
|2 SNKPH
|9 1807
|
| 650 |
0 |
7 |
|a Catholic priests
|2 SNKPHeng
|9 267999
|
| 650 |
0 |
7 |
|a Christian life
|2 SNKPHeng
|9 265582
|
| 650 |
0 |
7 |
|a Spiritual life
|2 SNKPHeng
|9 265583
|
| 655 |
|
7 |
|a separáty
|2 SNKPH
|9 70334
|
| 655 |
|
7 |
|a autobiografické spomienky
|2 SNKPH
|9 70489
|
| 655 |
|
7 |
|a Autobiographical reminiscences
|2 SNKPHeng
|9 302514
|
| 655 |
|
7 |
|a Offprints
|2 SNKPHeng
|9 332606
|
| 958 |
|
|
|a BX
|
| 958 |
|
|
|a NT
|
| 999 |
|
|
|c 924534
|d 926464
|
| 952 |
|
|
|a SNK
|b SNK
|y PREZ
|7 0
|p 17A1056115
|o snkSC 151698
|i snk2012/22607
|8 0
|0 0
|1 0
|4 0
|d 2012-11-06
|f 1
|l 0
|r 2025-07-22 00:00:00
|w 2026-02-24
|